Revista del Museo Virreynal / (Record no. 22051)

000 -CABECERA
fixed length control field 02896nam a22003617a 4500
003 - IDENTIFICADOR DEL NÚMERO DE CONTROL
control field AR-CdUCM
008 - DATOS DE LONGITUD FIJA--INFORMACIÓN GENERAL
fixed length control field 190515b ||||| |||| 00| 0 spa d
040 ## - FUENTE DE LA CATALOGACIÓN
Agencia/entidad que catalogó originalmente la obra MUNICIPALIDAD PROVINCIAL DEL CUSCO
Entidad que transcribió la catalogación BIBLIOTECA MUNICIPAL DEL CUSCO
082 ## - NÚMERO DE LA CLASIFICACIÓN DECIMAL DEWEY
No. de Clasificación MVirreynal/N°2/1966
110 ## - ENTRADA PRINCIPAL--NOMBRE DE ENTIDAD CORPORATIVA
Nombre de la institución, jurisdicción como entrada principal Casa de la Cultura departamental del Cuzco
9 (RLIN) 47291
245 ## - MENCIÓN DE TÍTULO
Título Revista del Museo Virreynal /
Mención de responsabilidad Casa de la Cultura del Perú, Casa de la Cultura departamental del Cuzco, Museo Virreynal Cuzco
260 ## - PUBLICACIÓN, DISTRIBUCIÓN, ETC.
Lugar de publicación, distribución, etc. Cusco :
Nombre de la editorial, distribuidor, etc. H.G.Rozas,
-- Museo Virreynal Cuzco,
Fecha de publicación, distribución, etc. 1966.
300 ## - DESCRIPCIÓN FÍSICA
Nº de Páginas Extensión 78 [38] páginas. :
Otros detalles físicos ilustraciones ;
Dimensiones 28 cm.
440 ## - MENCIÓN DE SERIE/PUNTO DE ACCESO ADICIONAL--TÍTULO
Título Revista del Museo Virreynal.
Número de la parte/sección de una obra Año II, N°2, noviembre 1966.
9 (RLIN) 47294
505 ## - NOTA DE CONTENIDO CON FORMATO
Nota de contenido formateada Contenido: Historia de la fundación del Museo Virreynal del Cuzco. Luis A. Pardo -- Un Museo Histórico Regional para el Cuzco. Toribio Guerra Vereau -- Rumbo del arte peruano. Alfredo Yépez Miranda -- Con ocasión de. recordar a Tupac Amaru. Luis Felipe Paredes -- Zelenque. Doña Clorinda Matto de Turner -- ¡Salve Cuzco Magnífico! Hernando Vega Centeno Farfán -- Construcción en adobe. Oscar Ladrón de Guevara Avilés -- El Contador General del Incanato según Huamán Poma de Ayala. Carmela Pérez de Alarcón -- Apuntes para la Historia del Blasón Heráldico del Cuzco. Teófilo Benavente -- Tambo de Montero. José María Blanco -- Don Mateo García Pumacahua. Alcides Estrada -- El Ilmo. Obispo Don Manuel de Mollínedo y Angulo. Horacio Villanueva Urteaga -- Espergesia. Cesar Vallejo -- Espergesia, traducción libre al quechua. Efraín Chevarria -- Don Bartolomé Huamán Quispe. Teofilo Benavente -- San Pedro de Canchis tiene una Campana fechada en 1560. Teófilo Benavente -- La cena miserable. Cesar Vallejo -- Yarqay Mikhuy traducción libre al quechua. Efraín Chavarría -- La casa de Juan de Salas y Valdéz -- Cuzco una de las siete maravillas del Mundo. Alfredo Yépez Miranda -- Informe presentado por la CRIF. templo y ciudadela de Wiracocha -- Informe de la Casa de la Cultura del Cuzco. -- Crónica del Museo -- Joyas del Museo -- Los santos y las artesanías cusqueñas -- Ambientes del museo.
650 ## - PUNTO DE ACCESO ADICIONAL DE MATERIA--TÉRMINO DE MATERIA
Descriptor Arquitectura religiosa
9 (RLIN) 5651
650 ## - PUNTO DE ACCESO ADICIONAL DE MATERIA--TÉRMINO DE MATERIA
Descriptor Pintura cusqueña
9 (RLIN) 7254
650 ## - PUNTO DE ACCESO ADICIONAL DE MATERIA--TÉRMINO DE MATERIA
Descriptor Arte cusqueño
9 (RLIN) 13165
650 ## - PUNTO DE ACCESO ADICIONAL DE MATERIA--TÉRMINO DE MATERIA
Descriptor Obras de arte
9 (RLIN) 13563
650 ## - PUNTO DE ACCESO ADICIONAL DE MATERIA--TÉRMINO DE MATERIA
Descriptor Clorinda Matto De Turner
9 (RLIN) 29945
700 ## - PUNTO DE ACCESO ADICIONAL--NOMBRE DE PERSONA
Nombre Personal Yépez Miranda, Alfredo
9 (RLIN) 4230
700 ## - PUNTO DE ACCESO ADICIONAL--NOMBRE DE PERSONA
Nombre Personal Estrada, Alcides
9 (RLIN) 47179
700 ## - PUNTO DE ACCESO ADICIONAL--NOMBRE DE PERSONA
Nombre Personal Pardo, Luis A
9 (RLIN) 25736
700 ## - PUNTO DE ACCESO ADICIONAL--NOMBRE DE PERSONA
Nombre Personal Ladrón de Guevara Avilés, Oscar
9 (RLIN) 46572
700 ## - PUNTO DE ACCESO ADICIONAL--NOMBRE DE PERSONA
Nombre Personal Benavente Velarde, Teófilo
9 (RLIN) 3145
700 ## - PUNTO DE ACCESO ADICIONAL--NOMBRE DE PERSONA
Nombre Personal Villanueva Urteaga, Horacio
9 (RLIN) 5790
710 ## - PUNTO DE ACCESO ADICIONAL--NOMBRE DE ENTIDAD CORPORATIVA
Nombre corporativo (En letras Mayúsculas) Casa de la Cultura del Perú
9 (RLIN) 6211
710 ## - PUNTO DE ACCESO ADICIONAL--NOMBRE DE ENTIDAD CORPORATIVA
Nombre corporativo (En letras Mayúsculas) Museo Virreynal Cuzco
9 (RLIN) 47293
856 ## - LOCALIZACIÓN Y ACCESO ELECTRÓNICOS
Identificador Uniforme de Recurso (URI) <a href="http://bvirtual.culturacusco.gob.pe/items/show/24">http://bvirtual.culturacusco.gob.pe/items/show/24</a>
Nota pública Leer digital
942 ## - ELEMENTOS DE PUNTO DE ACCESO ADICIONAL (KOHA)
Fuente de clasificación
Tipo de item Revistas cusqueñas
945 ## - PROCESAMIENTO DE INFORMACIÓN LOCAL (OCLC)
Catalogador rac
Holdings
Estado de retiro (separado) Fuente de clasificación o esquema de estanterías Estado dañado Ubicación Sala donde se ubica Nombre de la colección Fecha de adquisición o compra Costo, precio normal en soles Signatura topográfica Código de Barras Última vez visto (Koha) Tipo de ítem (Koha)
No     Sala Hemeroteca Sala Hemeroteca Book Cart 2022-02-23 10.00 MVirreynal/N°2/1966 REVC000860 2022-02-23 Revistas cusqueñas

Powered by Koha